| 000 | 00450nam a2200193Ia 4500 | ||
|---|---|---|---|
| 001 | 13309 | ||
| 003 | GE_BSU | ||
| 008 | 181216s||||||||xx |||||||||||||| ||und|| | ||
| 040 | _cGE_BSU | ||
| 080 | _a821.111-32 | ||
| 100 | _aCHEVALIER,TRACY. | ||
| 245 | 4 | _aTHE LADY AND THE UNICORN. | |
| 260 | _aLONDON. | ||
| 260 | _bQPD QUALITY PAPERBACKS DIRECT. | ||
| 260 | _c2003 | ||
| 300 | _a278P;22CM. | ||
| 653 | _aTHE LADY AND THE UNICORN. | ||
| 942 | _cBK | ||
| 999 |
_c46471 _d46471 |
||